Normal view
MARC view
Entry Topical Term
001 - CONTROL NUMBER
- control field: 42678
003 - CONTROL NUMBER IDENTIFIER
- control field:
005 - DATE AND TIME OF LATEST TRANSACTION
- control field: 20240424123340.0
008 - FIXED-LENGTH DATA ELEMENTS
- fixed length control field: 240424|| aca||aabn | a|a d
040 ## - CATALOGING SOURCE
- Original cataloging agency:
- Transcribing agency:
150 ## - HEADING--TOPICAL TERM
- Topical term or geographic name entry element: Civilization, Islamic
670 ## - SOURCE DATA FOUND
- Source citation: Work cat.: ()21200: Hayes , J.R (John Richards 1993) aut 42677, the genius of Arab civilization, 1983
